000 00555nam a22001937a 4500
003 0
005 20240425090511.0
008 240425b xxu||||| |||| 00| 0 eng d
020 _a9780746061954
050 _aER
_bSno674 2019
082 _aER
_bSno674 2019
100 _aAmery, Heather
245 _aThe snow storm
_cHeather Amery
260 _aLondon
_bUsborne Publishing, Ltd.
_cc2019.
300 _aunpaged :
_bcolored illustrations ;
_c22cm.
650 _aChildrens stories.
650 _aSnow Storm--Children's literature.
942 _2ddc
_cBK
999 _c365957
_d365957